000 00708nam a22002055i 4500
001 155509
003 ES-MaACL
005 20230906210115.0
008 040721s1872 gw |||| | eng d
040 _aCAM
_bspa
_cCAM
100 1 _aHoey, Cashel.
_9128012
245 1 2 _aA Golden sorrow /
_cby Cashel Hoey.
260 _aLeipzig :
_bBernhard Tauchnitz,
_c1872.
300 _a2 v. (312 ; 312 p.) ;
_c16 cm.
490 1 _aCollection of british authors ;
_v1259 ; 1260
650 4 _aNovela inglesa.
_9137408
830 0 _aCollection of british authors ;
_v1259 ; 1260
_9180703
852 _aES-MaACL
_jG-11616
_z-- Enc. hol., conservando las cubs. originales
_z-- Enc. 2 t. en 1 v.
999 _c155509
_d155509